000 00332nam a22001577a 4500
003 SGT
020 _a978-81-312-2900-2
082 _a616.024, C14V
100 _aVINCENT, J. L.
245 _aTB. OF CRITICAL CARE
250 _a6TH
260 _aELSEVIER
_bDELHI
_c2011
300 _a1698
650 _aMEDICINE
942 _2ddc
_cBK
999 _c8667
_d8667